The Magicians of Mazda (Record no. 46461)
[ view plain ]
| 000 -LEADER | |
|---|---|
| fixed length control field | 00411nam a22001697a 4500 |
| 005 - DATE AND TIME OF LATEST TRANSACTION | |
| control field | 20250812120934.0 |
| 008 - FIXED-LENGTH DATA ELEMENTS--GENERAL INFORMATION | |
| fixed length control field | 250812b |||||||| |||| 00| 0 eng d |
| 020 ## - INTERNATIONAL STANDARD BOOK NUMBER | |
| International Standard Book Number | 9789354899089 |
| 041 ## - LANGUAGE CODE | |
| Language code of text/sound track or separate title | Eng |
| 082 ## - DEWEY DECIMAL CLASSIFICATION NUMBER | |
| Classification number | 954 SAN |
| 100 ## - MAIN ENTRY--PERSONAL NAME | |
| Author | Sanghi, Ashwin |
| 245 ## - TITLE STATEMENT | |
| Title | The Magicians of Mazda |
| 260 ## - PUBLICATION, DISTRIBUTION, ETC. | |
| Place | Gurugram |
| Publisher | Happer Collion |
| Publication Year | 2025 |
| 300 ## - PHYSICAL DESCRIPTION | |
| Extent | 472;. p. 21 cm |
| 650 ## - SUBJECT ADDED ENTRY--TOPICAL TERM | |
| Subject | History; Fiction |
| 942 ## - ADDED ENTRY ELEMENTS (KOHA) | |
| Koha item type | Books |
| Withdrawn status | Lost status | Source of classification or shelving scheme | Damaged status | Not for loan | Home library | Current library | Shelving location | Accession Date | Vendor | Price | Bill number | Total Checkouts | Full call number | Barcode No | Date last seen | Date last checked out | Bill Date | Koha item type | Suggested By |
|---|---|---|---|---|---|---|---|---|---|---|---|---|---|---|---|---|---|---|---|
| Dewey Decimal Classification | IMTN | IMTN | Rack 41-B | 08/11/2025 | Amazon.in | 283.00 | HYD8-2705951 | 1 | 954 SAN | 33931 | 10/15/2025 | 10/05/2025 | 07/09/2025 | Books | Faculty Purchase by Dr. Jitendra Sharma |